Las revoluciones: 1770-1799

সংরক্ষণ করুন:
গ্রন্থ-পঞ্জীর বিবরন
প্রধান লেখক: Godechot, Jacques León (Author)
বিন্যাস: গ্রন্থ
ভাষা:স্প্যানিশ
প্রকাশিত: Barcelona Labor 1977
সংস্করন:3a. ed
বিষয়গুলি:
ট্যাগগুলো: ট্যাগ যুক্ত করুন
কোনো ট্যাগ নেই, প্রথমজন হিসাবে ট্যাগ করুন!

MARC

LEADER 00000nam a2200000 a 4500
001 UCP8902
003 CL-VaPUC
005 20240514124357.0
008 000317e19770000SP |||||||||||||||||spa|d
999 |c 285763  |d 285761 
040 |c Pontificia Universidad Católica de Valparaíso 
082 0 4 |a 321.094  |b GOD  |2 21 
100 |a Godechot, Jacques León  |e author  |9 320234 
245 1 4 |a Las revoluciones: 1770-1799 
250 |a 3a. ed 
260 |a Barcelona  |b Labor  |c 1977 
300 |a 373 p 
583 |a last modification  |c 20000317 00:00:00  |k Rodrigo Vera 
650 0 |a Movimientos de liberación nacional  |9 255713 
650 7 |a Revoluciones  |2 CL-VaPUC  |9 439168  |y Siglo 18  |z Europa 
650 0 |a Revolución francesa  |9 324244 
651 |a Francia  |x Historia   |y Revolución, 1789-1795  |9 888952 
942 |c BK  |2 ddc 
945 |d 20000317 00:00:00  |a crobeson 
952 |0 0  |1 0  |4 0  |6 321_094000000000000_GOD_1977  |7 0  |8 R  |9 330539  |a BIBHIS  |b BIBHIS  |d 2019-11-20  |i 139147K  |o 321.094 GOD 1977  |p 139147K  |r 2024-01-30  |w 2019-11-20  |y BK_R  |k HIS 
952 |0 0  |1 0  |4 0  |6 321_094000000000000_GOD_1977  |7 0  |8 R  |9 330540  |a BIBHIS  |b BIBHIS  |d 2019-11-20  |i 1391488  |o 321.094 GOD 1977  |p 1391488  |r 2024-01-30  |w 2019-11-20  |y BK_R  |k HIS